| 000 | 01580cam a2200481 4500 | ||
|---|---|---|---|
| 008 | 031029n2003 000 0 eng u | ||
| 020 | _a0750657855 | ||
| 035 | _a(Sirsi) u124135 | ||
| 041 | _aeng | ||
| 050 |
_a696 _c18 |
||
| 100 | _aKnight, John | ||
| 245 | _aNewnes building services pocket book | ||
| 250 | _a2nd ed. | ||
| 260 |
_aOxford _bNewnes _c2003 |
||
| 300 |
_aix, 407p. _c20cm |
||
| 350 | _a15.99 | ||
| 505 | _aEnergy and environmental considerations | ||
| 505 | _aHeating system design | ||
| 505 | _aAir conditioning and ventilation | ||
| 505 | _aAutomatic controls | ||
| 505 | _aControl applications | ||
| 505 | _aFans and their characteristics | ||
| 505 | _aDuctwork design | ||
| 505 | _aRefrigeration | ||
| 505 | _aHeat rejection | ||
| 505 | _aPipework design for closed water circuits | ||
| 505 | _aFire protection | ||
| 505 | _aColdwater services | ||
| 505 | _aHotwater services | ||
| 505 | _aBuilding drainage | ||
| 505 | _aSanitary plumbing | ||
| 505 | _aRoof drainage | ||
| 520 | _aA compendium of data, techniques and procedures, best practice and background information aimed at engineers involved in the design and day-to-day running of mechanical services in buildings, as well as managers, students and engineers in related fields. | ||
| 650 | _aBUILT ENVIRONMENT-BUILDING ELEMENTS | ||
| 650 | _aSERVICE ENGINEERS | ||
| 650 | _aSERVICES | ||
| 690 |
_aBlock management _96220 |
||
| 700 | _aJones, Peter | ||
| 700 | _aPrentice, Ted | ||
| 700 | _aBoulton, Bruce | ||
| 700 | _aJames, Mike | ||
| 942 | _n0 | ||
| 999 |
_c103164 _d103164 |
||